| 000 | 01215nam a2200229Ia 4500 | ||
|---|---|---|---|
| 001 | L269-28693 | ||
| 003 | IT-CnALBA | ||
| 008 | 170116s9999||||xx |||||||||||||| ||und|| | ||
| 040 |
_aIT-CnALBA _cIT-CnALBA |
||
| 041 | _aITALIANO | ||
| 100 | _aSENZA AUTORE | ||
| 245 | 0 | _aANNUNCIARE, CELEBRARE, TESTIMONIARE IL VANGELO DELLA CARITÀ IN UNA PASTORALE ORGANICA. | |
| 250 | _a1a ed. | ||
| 260 |
_a BOLOGNA - NAPOLI _bDEHONIANE EDIZIONI _c1993 [1° Ed.:1993 - Ed.Ling.Originale: 1993] |
||
| 300 | _a183 p. | ||
| 500 | _aGLI ATTI DEL CONVEGNO DEI RESPONSABILI DIOCESANI DEGLI UFFICI CATECHISTICO, LITURGICO E CARITAS. ESPERIENZA ECCLESIALE, DIALOGO COL MONDO. PROGETTO PASTORALE. OPERATORI PASTORALI. UFFICI DIOCESANI. VOLONTARIATO. IL CATECHISMO DEI BAMBINI. | ||
| 501 | _aSocietà San Paolo EM - Piazza San Paolo, 14 - 12051 ALBA (CN) (non commercial uses only) ® Copyright 2017 | ||
| 520 | _aGLI ATTI DEL CONVEGNO DEI RESPONSABILI DIOCESANI DEGLI UFFICI CATECHISTICO, LITURGICO E CARITAS. ESPERIENZA ECCLESIALE, DIALOGO COL MONDO. PROGETTO PASTORALE. OPERATORI PASTORALI. UFFICI DIOCESANI. VOLONTARIATO. IL CATECHISMO DEI BAMBINI. | ||
| 650 | _aEVANGELIZZAZIONE | ||
| 942 | _cBK | ||
| 957 | _71 | ||
| 999 |
_a33462 _bNO _g Copie: 1 _c287640 _d287640 |
||